Welcome to CU Library Online Public Access Catalogue (OPAC)

Public & private families : (Record no. 3065)

MARC details
000 -LEADER
fixed length control field 00638cam a2200217 a 4500
001 - CONTROL NUMBER
control field 12365507
005 - DATE AND TIME OF LATEST TRANSACTION
control field 20250125104157.0
008 - FIXED-LENGTH DATA ELEMENTS--GENERAL INFORMATION
fixed length control field 010402s2002 maua b 001 0 eng
020 ## - INTERNATIONAL STANDARD BOOK NUMBER
International Standard Book Number 0072405449 (alk. paper)
050 00 - LIBRARY OF CONGRESS CALL NUMBER
Classification number HQ536
Item number .C442 2002
082 00 - DEWEY DECIMAL CLASSIFICATION NUMBER
Classification number 306.85
Edition information 21
100 1# - MAIN ENTRY--PERSONAL NAME
Personal name Cherlin, Andrew J.,
Dates associated with a name 1948-
245 10 - TITLE STATEMENT
Title Public & private families :
Remainder of title an introduction /
Statement of responsibility, etc. Andrew J. Cherlin.
250 ## - EDITION STATEMENT
Edition statement 3rd ed.
260 ## - PUBLICATION, DISTRIBUTION, ETC.
Place of publication, distribution, etc. Boston :
Name of publisher, distributor, etc. McGraw-Hill College,
Date of publication, distribution, etc. 2002.
300 ## - PHYSICAL DESCRIPTION
Extent xxix, 564 p. :
Other physical details col. ill. ;
Dimensions 26 cm.
650 #0 - SUBJECT ADDED ENTRY--TOPICAL TERM
Topical term or geographic name entry element Families
Geographic subdivision United States.
650 #0 - SUBJECT ADDED ENTRY--TOPICAL TERM
Topical term or geographic name entry element Families.
650 #0 - SUBJECT ADDED ENTRY--TOPICAL TERM
Topical term or geographic name entry element Family policy.
942 ## - ADDED ENTRY ELEMENTS (KOHA)
Source of classification or shelving scheme Library of Congress Classification
Koha item type Books
Suppress in OPAC No
999 ## -
-- 3065
-- 3065
Holdings
Withdrawn status Lost status Source of classification or shelving scheme Damaged status Not for loan Collection Home library Current library Shelving location Date acquired Total checkouts Full call number Barcode Date last seen Copy number Price effective from Koha item type
    Library of Congress Classification     Non-fiction Undergraduate Library (Christ Temple) Undergraduate Library (Christ Temple) General stacks 01/25/2025   HQ536 CHE ulct00000937 01/25/2025 1 01/25/2025 Books
    Library of Congress Classification     Non-fiction Undergraduate Library (Christ Temple) Undergraduate Library (Christ Temple) General stacks 01/25/2025   HQ536 CHE ulct00000938 01/25/2025 3 01/25/2025 Books
    Library of Congress Classification     Non-fiction Undergraduate Library (Christ Temple) Undergraduate Library (Christ Temple) General stacks 01/25/2025   HQ536 CHE ulct00000939 01/25/2025 4 01/25/2025 Books
    Library of Congress Classification     Non-fiction Undergraduate Library (Christ Temple) Undergraduate Library (Christ Temple) General stacks 01/25/2025   HQ536 CHE ulct00000940 01/25/2025 5 01/25/2025 Books
© 2023-2024 Copyright: Central University Libraries. All Rights Reserved | Created by: Mahone Tech Office